|
|
|
|
| LEADER |
00000naa2a2200000 4500 |
| 001 |
382396 |
| 005 |
20231101062951.0 |
| 035 |
|
|
|a (RuTPU)RU\TPU\prd\6287
|
| 090 |
|
|
|a 382396
|
| 100 |
|
|
|a 20020911a2002 k y0rusy50 ca
|
| 101 |
0 |
|
|a rus
|
| 102 |
|
|
|a RU
|
| 200 |
1 |
|
|a Модель управления установкой для получения целлюлозы на основе нечёткой логики
|f С. Ю. Петров, Б. М. Шифрин
|
| 225 |
1 |
|
|a Автоматизированные системы управления
|
| 461 |
|
1 |
|0 (RuTPU)RU\TPU\prd\1687
|t Приборы и системы. Управление, контроль, диагностика
|o научно-технический и производственный журнал
|d 2000-
|
| 463 |
|
1 |
|0 (RuTPU)RU\TPU\prd\2451
|t № 2
|v С. 7-10
|d 2002
|
| 610 |
1 |
|
|a модели управления
|
| 610 |
1 |
|
|a теория нечётких множеств
|
| 610 |
1 |
|
|a целлюлоза
|
| 610 |
1 |
|
|a нечёткая логика
|
| 700 |
|
1 |
|a Петров
|b С. Ю.
|
| 701 |
|
1 |
|a Шифрин
|b Б. М.
|
| 801 |
|
1 |
|a RU
|b 63413507
|c 20020911
|g PSBO
|
| 801 |
|
2 |
|a RU
|b 63413507
|c 20121008
|g PSBO
|
| 942 |
|
|
|c BK
|